LEADER 00655nam a2200169 i 4500 001 000000058033 003 CaOOAMICUS 005 20130322000000.0 008 130322n xx u000 u lat u 013 $a29205 040 $aSeMil$bita 245 10$aVol. 1. 300 $aXXIII, 474 p. 773 0 $aCavagnis, Felice <1841-1906>$tInstitutiones iuris publici ecclesiastici quas in scholis pontificii seminarii romani.$bEditio altera accuratior.$dRome : Desclée, Lefebvre e C., [1889-1889]$g1$w()28118 850 $aSeMil 852 $aSeMil$W1$xVenegono$y1$m2J I 25 FA$j24186$B24186$CSeMilBibl$Z2$F24189 $8I 996 $6245$aVol. 1$9(OLS)http://semarc/title/13429 LEADER 01345nam a2200277 i 4500 001 000000195580 003 CaOOAMICUS 005 20180730000000.0 008 180730s2009 it u000 u mul u 013 $a174257 020 $a978-88-7013-288-5 040 $aSeMil$bita 245 10$aFrancisci Assisiensis Scripta /$ccritice edidit Carolus Paolazzi. 260 $aGrottaferrata (Roma) :$bEditiones Collegii S. Bonaventurae ad Claras Aquas,$c2009. 300 $aXXII, 504 p. ;$c25 cm. 490 0 $aSpicilegium Bonaventurianum ;$v36. 500 $aAltro front. in italiano. - Testi latini e traduzione italiana a fronte. 700 1 $aFrancesco : d'Assisi,$c.$0(OLS)http://semarc/name/18131 700 1 $aPaolazzi, Carlo,$c.$0(OLS)http://semarc/name/90352 830 0$aSpicilegium Bonaventurianum ;$v36.$0(OLS)http://semarc/title/542 850 $aSeMil 852 $aSeMil$W1$xVenegono$y1$m2N V 636$j146149$B146149$CSeMilBibl$Z2$F158250 $81 961 $aAcquisto: Frati Editori di Quaracchi 996 $6020$a978-88-7013-288-5$9(OLS)http://semarc/number/187322 996 $6245$aFrancisci Assisiensis Scripta$9(OLS)http://semarc/title/282222 996 $6260$aGrottaferrata (Roma) :$bEditiones Collegii S. Bonaventurae ad Claras Aquas$9(OLS)http://semarc/publisher/42632